Moderní řízení Měsíčník pro manažery, poradce i podnikatele

Na minha lista:
Detalhes bibliográficos
Formato: Periódico
Idioma:tcheco
Publicado em: Praha ČTK Ekonomická redakce 1992
Assuntos:
Tags: Adicionar Tag
Sem tags, seja o primeiro a adicionar uma tag!

MARC

LEADER 00000nas2a2200000 4500
001 s016382
005 20180117152327.7
041 0 |a cze 
044 |a CZ 
245 1 0 |a Moderní řízení  |b Měsíčník pro manažery, poradce i podnikatele 
264 1 |a Praha  |b ČTK Ekonomická redakce  |c 1992 
300 |a 2 zv. 
773 0 |w eu_un_cat*s121035 
610 2 0 |a riadenie 
610 2 0 |a riadenie podnikové 
610 2 0 |a manažment